La asistencia a la misa diaria : (Record n. 34652)

Dettagli MARC
000 -LEADER
fixed length control field 00696cam a2200205 i 4500
003 - CONTROL NUMBER IDENTIFIER
control field IT-RoINE
005 - DATE AND TIME OF LATEST TRANSACTION
control field 20220927143850.0
008 - FIXED-LENGTH DATA ELEMENTS--GENERAL INFORMATION
fixed length control field 110412s1935 sp a r 000 | spa d
040 ## - CATALOGING SOURCE
Original cataloging agency DEUSTO.
Transcribing agency IT-RoINE
Modifying agency IT-RoINE
100 1# - MAIN ENTRY--PERSONAL NAME
Personal name Cuadrado Tapia, Ricardo,
Titles and other words associated with a name S.I.
9 (RLIN) 68189
245 13 - TITLE STATEMENT
Title La asistencia a la misa diaria :
Remainder of title exposición dogmática y litúrgica /
Statement of responsibility, etc por el P. Ricardo Cuadrado, S.J.
260 ## - PUBLICATION, DISTRIBUTION, ETC. (IMPRINT)
Place of publication, distribution, etc Madrid :
Name of publisher, distributor, etc Apostolado de la Prensa,
Date of publication, distribution, etc 1935.
300 ## - PHYSICAL DESCRIPTION
Extent 233 p., [13] h. de lám. :
Other physical details il. ;
Dimensions 16 cm.
336 ## - CONTENT TYPE
Source rdacontent
Content type term text
337 ## - MEDIA TYPE
Source rdamedia
Media type term unmediated
338 ## - CARRIER TYPE
Source rdacarrier
Carrier type term volume
650 #0 - SUBJECT ADDED ENTRY--TOPICAL TERM
Topical term or geographic name as entry element Misa
General subdivision Celebración
9 (RLIN) 1990
650 #4 - SUBJECT ADDED ENTRY--TOPICAL TERM
Topical term or geographic name as entry element Liturgia
9 (RLIN) 2982
942 ## - ADDED ENTRY ELEMENTS (KOHA)
Item type Monografías
Dati di copia
Withdrawn status Lost status Damaged status Not for loan Home library Current library Date acquired Total Checkouts Full call number Barcode Date last seen Price effective from Koha item type
        Iglesia Nacional Española en Roma Iglesia Nacional Española en Roma 08/07/2020   DEV 85 62571 08/07/2020 08/07/2020 Monografías